| 000 | 00386nam a22001337a 4500 | ||
|---|---|---|---|
| 020 | _qPB. | ||
| 040 | _cFIZZA ISHAQ | ||
| 082 |
_a463.21 _bWIL |
||
| 100 |
_aWilliams , Edwin B. _9134317 |
||
| 245 |
_aThe Bantam New College Spanish & English Dictionary / _c Edwin B. Williams. |
||
| 260 |
_aNew York: _b Bantam, _c1948. |
||
| 300 |
_a370 P. ; _c6.8 x 4.1 x 1.3 inches, |
||
| 942 |
_2ddc _cBK |
||
| 999 |
_c617291 _d617291 |
||